000 01005nam a2200241 i 4500
001 171202
003 ES-MaACL
005 20250808062753.0
008 090505s1968 sp |||| | spa d
017 _aM 17831-1968
100 0 _aKönig, Franz.
_9189010
245 1 0 _aCristo y las religiones de la tierra
_b: manual de historia de la Religión.
_nII,
_pReligiones de los pueblos y de las culturas de la Antigüedad /
_cpor veinticuatro especialistas bajo la dirección de Franz König ; traducción de la segunda edición alemana por Ramón Valdés del Toro.
250 _a2ª ed.
260 _aMadrid :
_bLa Editorial Católica,
_c1968.
300 _a739 p. ;
_c20 cm.
490 1 _aBiblioteca de autores cristianos ;
_v203
594 _aTraducción de : Christus und die Religionen der Erde.
700 0 _aValdés del Toro, Ramón.
_9112520
830 0 0 _aBiblioteca de autores cristianos
_v203
_9178679
852 _aES-MaACL
_jJ-199
_9R.46092
999 _c171202
_d171202